Macroeconomics of post-reform India: (Record no. 19525)

MARC details
000 -LEADER
fixed length control field 00944nam a22002537a 4500
008 - FIXED-LENGTH DATA ELEMENTS--GENERAL INFORMATION
fixed length control field 081205t xxu||||| |||| 00| 0 eng d
010 ## - LCCN (DPL NO)
LC control number ENG-92013
020 ## - INTERNATIONAL STANDARD BOOK NUMBER
International Standard Book Number 9780195697063
Terms of availability 695.00
020 ## - INTERNATIONAL STANDARD BOOK NUMBER
International Standard Book Number 0195697065
Terms of availability 695.00
035 ## - SYSTEM CONTROL NUMBER
System control number EN-75546
037 ## - SOURCE OF ACQUISITION
Source of stock number/acquisition DBAD / PUB
040 ## - CATALOGING SOURCE
Original cataloging agency dpl
Language of cataloging English
082 ## - DEWEY DECIMAL CLASSIFICATION NUMBER
Classification number 339
100 ## - MAIN ENTRY--PERSONAL NAME
Personal name Rakshit, Mihir
245 ## - TITLE STATEMENT
Title Macroeconomics of post-reform India:
Statement of responsibility, etc by Mihir Rakshit
Remainder of title selected papers
260 ## - PUBLICATION, DISTRIBUTION, ETC. (IMPRINT)
Place of publication, distribution, etc New Delhi
Name of publisher, distributor, etc Oxford University Press
Date of publication, distribution, etc 2009
270 ## - ADDRESS
Address YMCA Library Building, Jai Singh Road,
City New Delhi
Postal code 110001
300 ## - PHYSICAL DESCRIPTION
Extent v.1 (xi, 271p.)
Dimensions 22cm (Hb)
500 ## - GENERAL NOTE
General note Includes index
650 ## - SUBJECT ADDED ENTRY--TOPICAL TERM
Topical term or geographic name as entry element Macroeconomics
651 ## - SUBJECT ADDED ENTRY--GEOGRAPHIC NAME
Geographic name India
General subdivision Economic policy
Geographic subdivision 1991-
942 ## - ADDED ENTRY ELEMENTS (KOHA)
Source of classification or shelving scheme Dewey Decimal Classification
Item type English Books
Call number suffix RAK
Classification part 339
Holdings
Withdrawn status Lost status Source of classification or shelving scheme Materials specified (bound volume or other part) Damaged status Not for loan Collection code Home library Current library Date acquired Source of acquisition Cost, normal purchase price Total Checkouts Full call number Barcode Date last seen Copy number Cost, replacement price Koha item type Public note
    Dewey Decimal Classification v.1-Select   Not For Loan Non-fiction D.B.Act.Division D.B.Act.Division 05/12/2008 DBAD / PUB 695.00   339 RAK EN-75546 05/12/2008 1 695.00 English Books v.1-Selected papers

© Delhi Public Library
Hit Counter
free hit counter